Normal view
MARC view
- Er. Sruthi P. S (Co-guide)
Entry Personal Name
001 - CONTROL NUMBER
- control field: 3479
003 - CONTROL NUMBER IDENTIFIER
- control field: OSt
005 - DATE AND TIME OF LATEST TRANSACTION
- control field: 20180929150239.0
008 - FIXED-LENGTH DATA ELEMENTS
- fixed length control field: 180929|| aca||aabn | a|a d
040 ## - CATALOGING SOURCE
- Original cataloging agency: OSt
- Transcribing agency: OSt
100 ## - HEADING--PERSONAL NAME
- Personal name: Er. Sruthi P. S (Co-guide)
670 ## - SOURCE DATA FOUND
- Source citation: Work cat.: (OSt)15099: AJNA ALAVUDEEN AKSHARA PRAKASH RAHUL K REMYASREE P. T 3478, Development and quality evaluation of gluten free pasta
